书目信息 |
| 题名: |
印刷品质量检测
|
|
| 作者: | 赵伟立 编著 | |
| 分册: | ||
| 出版信息: | 北京 化学工业出版社 2008.01 |
|
| 页数: | 127页 | |
| 开本: | 26cm | |
| 丛书名: | ||
| 单 册: | ||
| 中图分类: | TS807 | |
| 科图分类: | ||
| 主题词: | 印刷品--Yin Shua Pin--质量检验--高等学校:技术学院--教材 | |
| 电子资源: | ||
| ISBN: | 978-7-122-01827-4 | |
| 000 | 00952nam0 2200241 450 | |
| 001 | 012004000005 | |
| 005 | 20100811164723.76 | |
| 010 | @a978-7-122-01827-4@dCNY22.00 | |
| 100 | @a20100515d2008 em y0chiy0121 ea | |
| 101 | 0 | @achi |
| 102 | @aCN@b110000 | |
| 105 | @aa a 000yy | |
| 200 | 1 | @a印刷品质量检测@AYin Shua Pin Zhi Liang Jian Ce@f赵伟立编著 |
| 210 | @a北京@ABei Jing@c化学工业出版社@CHua Xue Gong Ye Chu Ban She@d2008.01 | |
| 215 | @a127页@c图@d26cm | |
| 300 | @a全国职高职专印刷与包装类专业教学指导委员会规划统编教材 | |
| 320 | @a有书目 | |
| 330 | @a本书系统介绍了印刷质量的概念,印刷品质量评判的标准、场合、过程和演化,印刷质量测控条的分类和作用,客观标准的指标项目,常用仪器的使用和相关质量标准的含义以及检测信息 汇兑和作用等。 | |
| 606 | 0 | @a印刷品@AYin Shua Pin@x质量检验@x高等学校:技术学院@j教材 |
| 690 | @aTS807@v4 | |
| 701 | 0 | @a赵伟立@AZhao Wei Li@4编著 |
| 801 | $a | @c20100515 |
| 905 | @dTS807@eZ330@f5 | |
| 印刷品质量检测/赵伟立编著.-北京:化学工业出版社,2008.01 |
| 127页:图;26cm |
| 全国职高职专印刷与包装类专业教学指导委员会规划统编教材 |
| ISBN 978-7-122-01827-4:CNY22.00 |
| 本书系统介绍了印刷质量的概念,印刷品质量评判的标准、场合、过程和演化,印刷质量测控条的分类和作用,客观标准的指标项目,常用仪器的使用和相关质量标准的含义以及检测信息 汇兑和作用等。 |
| ● |
| 相关链接 |
|
|
|
正题名:印刷品质量检测
索取号:TS807/Z330
 
预约/预借
| 序号 | 登录号 | 条形码 | 馆藏地/架位号 | 状态 | 备注 |
| 1 | 1024455 | 210244555 | 自科二线504/504自科库 41排2列5层/ [索取号:TS807/Z330] | 在馆 | |
| 2 | 1024456 | 210244564 | 自科二线504/504自科库 41排2列5层/ [索取号:TS807/Z330] | 在馆 | |
| 3 | 1024457 | 210244573 | 自科库501/501自科库 43排3列2层/ [索取号:TS807/Z330] | 在馆 | |
| 4 | 1024458 | 210244582 | 自科库501/501自科库 43排3列2层/ [索取号:TS807/Z330] | 在馆 | |
| 5 | 1024459 | 210244591 | 自科二线504/504自科库 41排2列5层/ [索取号:TS807/Z330] | 在馆 |